Chemistry for degree students BSc third year (Record no. 149388)
[ view plain ]
| 000 -LEADER | |
|---|---|
| fixed length control field | 00497nam a2200205Ia 4500 |
| 003 - CONTROL NUMBER IDENTIFIER | |
| control field | OSt |
| 005 - DATE AND TIME OF LATEST TRANSACTION | |
| control field | 20250704163234.0 |
| 008 - FIXED-LENGTH DATA ELEMENTS--GENERAL INFORMATION | |
| fixed length control field | 210210b2012 xxu||||| |||| 00| 0 eng d |
| 020 ## - INTERNATIONAL STANDARD BOOK NUMBER | |
| International Standard Book Number | 8121935334 |
| 040 ## - CATALOGING SOURCE | |
| Transcribing agency | AL |
| 041 ## - LANGUAGE CODE | |
| Language code of text/sound track or separate title | eng |
| 082 ## - DEWEY DECIMAL CLASSIFICATION NUMBER | |
| Classification number | 540 MADC |
| 100 ## - MAIN ENTRY--PERSONAL NAME | |
| Personal name | Madan R L |
| 9 (RLIN) | 38713 |
| 245 ## - TITLE STATEMENT | |
| Title | Chemistry for degree students BSc third year |
| 260 ## - PUBLICATION, DISTRIBUTION, ETC. | |
| Place of publication, distribution, etc. | New Delhi |
| Name of publisher, distributor, etc. | S. Chand & Co. Ltd. |
| Date of publication, distribution, etc. | 2012 |
| 300 ## - PHYSICAL DESCRIPTION | |
| Extent | xiii,927 |
| 690 ## - LOCAL SUBJECT ADDED ENTRY--TOPICAL TERM (OCLC, RLIN) | |
| Topical term or geographic name as entry element | Chemistry |
| 9 (RLIN) | 38714 |
| 906 ## - LOCAL DATA ELEMENT F, LDF (RLIN) | |
| a | 066975 |
| 942 ## - ADDED ENTRY ELEMENTS (KOHA) | |
| Source of classification or shelving scheme | Dewey Decimal Classification |
| Koha item type | Book |
| Withdrawn status | Lost status | Source of classification or shelving scheme | Damaged status | Not for loan | Collection code | Home library | Current library | Date acquired | Source of acquisition | Cost, normal purchase price | Total Checkouts | Full call number | Barcode | Date last seen | Date last checked out | Price effective from | Koha item type | Shelving location |
|---|---|---|---|---|---|---|---|---|---|---|---|---|---|---|---|---|---|---|
| Dewey Decimal Classification | Chemistry | St Aloysius Library | St Aloysius Library | 02/17/2021 | S Chand & Company Ltd, Bangalore | 425.00 | 1 | 540 MADC | 067089 | 02/25/2022 | 02/23/2022 | 02/17/2021 | Book | |||||
| Dewey Decimal Classification | Chemistry | St Aloysius Library | St Aloysius Library | 02/17/2021 | S Chand & Company Ltd, Bangalore | 425.00 | 540 MADC | 066975 | 02/17/2021 | 02/17/2021 | Book | Stack Section | ||||||
| Dewey Decimal Classification | Chemistry | St Aloysius Library | St Aloysius Library | 02/17/2021 | S Chand & Company Ltd, Bangalore | 425.00 | 2 | 540 MADC | 067186 | 07/04/2022 | 06/25/2022 | 02/17/2021 | Book |